[Event "47th Sparkassen Open"]
[Site "Dortmund GER"]
[Date "2019.07.21"]
[Round "9.21"]
[White "Wuebker, Paul-Luca"]
[Black "Rempel, Patrick"]
[Result "1/2-1/2"]
[WhiteElo "2009"]
[BlackElo "2119"]
[WhiteFideId "12939528"]
[BlackFideId "4657632"]
[EventDate "2019.07.13"]

1. d4 Nf6 2. c4 g6 3. Nc3 Bg7 4. e4 d6 5. f3 O-O 6. Be3 c5 7. dxc5 dxc5 8. Qxd8
Rxd8 9. Bxc5 Nc6 10. Nge2 Nd7 11. Be3 Nde5 12. Nf4 b6 13. Rc1 Ba6 14. b3 e6 15.
Be2 g5 16. Nh3 Nb4 17. Nf2 Ned3+ 18. Nxd3 Nxd3+ 19. Bxd3 Rxd3 20. Bd2 Rad8 21.
Nb1 g4 22. Ke2 f5 23. Bg5 gxf3+ 24. gxf3 R8d7 25. Rcd1 Rxd1 26. Rxd1 Rxd1 27.
Kxd1 fxe4 28. fxe4 Bb7 29. Nd2 Bc3 30. Bf4 Bxd2 31. Kxd2 Bxe4 32. Kc3 Kf7 33. a4
Ke8 34. Bb8 a6 35. Ba7 b5 36. cxb5 axb5 37. a5 Kd7 38. Kd4 Bd5 39. b4 Kc7 40. a6
Bc4 41. Kc5 Bf1 42. h4 Be2 43. Bb6+ Kb8 44. Kd6 Bc4 45. h5 Bd5 46. h6 Bc4 47.
Kc6 Bd3 48. Bd4 Ka8 49. Kc7 Bf5 50. Kd6 Bd3 51. Kxe6 Be2 52. Bc5 1/2-1/2

[Event "47th Sparkassen Open"]
[Site "Dortmund GER"]
[Date "2019.07.21"]
[Round "9.23"]
[White "Biermann, Florian"]
[Black "Gula, Julian"]
[Result "1-0"]
[WhiteElo "2016"]
[BlackElo "1991"]
[WhiteFideId "12970069"]
[BlackFideId "12954799"]
[EventDate "2019.07.13"]

1. Nf3 Nf6 2. d4 b6 3. g3 Bb7 4. Bg2 g6 5. O-O Bg7 6. c4 O-O 7. Nbd2 d6 8. Qc2
Nbd7 9. b3 e5 10. Bb2 Re8 11. c5 dxc5 12. dxc5 Nxc5 13. Nxe5 Bxg2 14. Kxg2 Qd5+
15. Ndf3 Qe4 16. Rac1 Rad8 17. b4 Na6 18. Qb3 Qd5 19. Qa4 Ng4 20. Nxg4 Bxb2 21.
Qxa6 Qe4 22. Rb1 Bd4 23. Ne3 g5 24. Qd3 Qa8 25. Qf5 Re5 26. Qg4 h5 27. Qxh5 Kg7
28. Qg4 f6 29. Nf5+ Kg6 30. Nxd4 1-0

[Event "47th Sparkassen Open"]
[Site "Dortmund GER"]
[Date "2019.07.21"]
[Round "9.25"]
[White "Guenther, Lars"]
[Black "Schroeder, Joerg"]
[Result "1/2-1/2"]
[WhiteElo "2114"]
[BlackElo "1985"]
[WhiteFideId "4625153"]
[BlackFideId "24635677"]
[EventDate "2019.07.13"]

1. e4 g6 2. Nc3 Bg7 3. g3 e5 4. Bg2 Nc6 5. h4 h5 6. d3 d6 7. f4 Bg4 8. Nf3 Nd4
9. Be3 exf4 10. gxf4 c6 11. Kf2 Nh6 12. Qd2 Nxf3 13. Bxf3 Bxf3 14. Kxf3 Ng4 15.
Bf2 Nxf2 16. Qxf2 Qb6 17. Qxb6 axb6 18. Nd1 Ra5 19. c3 Kd7 20. Ne3 b5 21. a3 Bh6
22. Rag1 Raa8 1/2-1/2

[Event "47th Sparkassen Open"]
[Site "Dortmund GER"]
[Date "2019.07.21"]
[Round "9.26"]
[White "Farokhi, Keyvan"]
[Black "Strathoff, Martin"]
[Result "0-1"]
[WhiteElo "1946"]
[BlackElo "2102"]
[WhiteFideId "12998630"]
[BlackFideId "24609560"]
[EventDate "2019.07.13"]

1. e4 c5 2. Nf3 d6 3. d4 cxd4 4. Nxd4 Nf6 5. Nc3 a6 6. Nb3 Nc6 7. Be3 e6 8. g4
Be7 9. Bg2 Ne5 10. h3 b5 11. f4 Nc4 12. Qe2 Nxe3 13. Qxe3 Bb7 14. O-O Nd7 15.
Kh2 O-O 16. g5 Qc7 17. f5 Ne5 18. Qg3 b4 19. Nd1 d5 20. exd5 Ng4+ 21. hxg4 Bd6 0-1

[Event "47th Sparkassen Open"]
[Site "Dortmund GER"]
[Date "2019.07.21"]
[Round "9.27"]
[White "Doescher, Thorsten"]
[Black "Sondermann, Dirk"]
[Result "1-0"]
[WhiteElo "2049"]
[BlackElo "1865"]
[WhiteFideId "24658286"]
[BlackFideId "4658116"]
[EventDate "2019.07.13"]

1. c4 f5 2. Nc3 Nf6 3. d4 g6 4. Bg5 Bg7 5. Bxf6 Bxf6 6. e4 d6 7. Nf3 Nc6 8. exf5
Bxf5 9. d5 Ne5 10. Be2 Nxf3+ 11. Bxf3 O-O 12. O-O Rb8 13. Rc1 Bg5 14. Ra1 Bf6
15. Qd2 Qc8 16. Nb5 a6 17. Nd4 e5 18. dxe6 Bxd4 19. Qxd4 Bxe6 20. Rfe1 Bf7 21.
Re7 c6 22. Bg4 Qd8 23. Qf6 1-0

[Event "47th Sparkassen Open"]
[Site "Dortmund GER"]
[Date "2019.07.21"]
[Round "9.28"]
[White "Skabs, Denis"]
[Black "Wolff, Christoph"]
[Result "1-0"]
[WhiteElo "1745"]
[BlackElo "2047"]
[WhiteFideId "16248449"]
[BlackFideId "4648706"]
[EventDate "2019.07.13"]

1. e4 c5 2. d4 cxd4 3. c3 dxc3 4. Nxc3 Nc6 5. Nf3 d6 6. Bc4 a6 7. O-O Nf6 8. Bf4
Bg4 9. h3 Bh5 10. g4 Bg6 11. Qe2 e6 12. Rfd1 Qc7 13. e5 dxe5 14. Nxe5 Qa5 15.
Nxc6 bxc6 16. Bxe6 Be7 17. g5 fxe6 18. gxf6 Qf5 19. fxe7 Qxf4 20. Qxe6 Qg5+ 21.
Kf1 Qf5 22. Rd8+ Rxd8 23. exd8=Q+ Kxd8 24. Rd1+ Kc7 25. Rd7+ Kb6 26. Qb3+ Ka5
27. Qa4+ 1-0

[Event "47th Sparkassen Open"]
[Site "Dortmund GER"]
[Date "2019.07.21"]
[Round "9.29"]
[White "Leonard, Timo"]
[Black "Artola Pola, Gerardo"]
[Result "1-0"]
[WhiteElo "1911"]
[BlackElo "2031"]
[WhiteFideId "16208757"]
[BlackFideId "150878"]
[EventDate "2019.07.13"]

1. d4 Nf6 2. Nf3 g6 3. c4 Bg7 4. e3 O-O 5. Be2 d5 6. cxd5 Nxd5 7. e4 Nb6 8. O-O
Bg4 9. Nbd2 Nc6 10. d5 Na5 11. Rb1 c5 12. Qc2 Rc8 13. h3 Bd7 14. b3 e6 15. Nc4
Nbxc4 16. bxc4 exd5 17. exd5 b6 18. Bf4 Bf5 19. Bd3 Bxd3 20. Qxd3 Re8 21. d6 Qd7
22. Qd5 Nc6 23. Rfe1 h6 24. Rbd1 Kf8 25. Be5 Nxe5 26. Nxe5 Bxe5 27. Rxe5 f6 28.
Re4 Rxe4 29. Qxe4 f5 30. Qf4 g5 31. Qe5 Kf7 32. Re1 Rd8 33. Qd5+ Kg6 34. Re6+ 1-0

[Event "47th Sparkassen Open"]
[Site "Dortmund GER"]
[Date "2019.07.21"]
[Round "9.30"]
[White "Stock, Tobias W"]
[Black "Gluma, Christian"]
[Result "1/2-1/2"]
[WhiteElo "2001"]
[BlackElo "1876"]
[WhiteFideId "407500"]
[BlackFideId "16223209"]
[EventDate "2019.07.13"]

1. d4 g6 2. c4 Bg7 3. e4 d6 4. Ne2 e5 5. Be3 exd4 6. Bxd4 Nf6 7. Nbc3 Nc6 8. Be3
O-O 9. f3 Ne5 10. Nf4 Be6 11. Nxe6 fxe6 12. Qd2 Nfd7 13. Be2 Nb6 14. b3 Qh4+ 15.
Bf2 Qf6 16. Rc1 Ng4 17. Bg3 Bh6 18. f4 Ne5 19. O-O Nc6 20. Qd3 Qd4+ 21. Qxd4
Nxd4 22. Rcd1 Nxe2+ 23. Nxe2 Rf7 24. Rf3 Raf8 25. Nd4 Re8 26. Rfd3 Nd7 27. b4 1/2-1/2

[Event "47th Sparkassen Open"]
[Site "Dortmund GER"]
[Date "2019.07.21"]
[Round "9.32"]
[White "Homfeldt, Christopher"]
[Black "Schriewer, Thomas"]
[Result "1-0"]
[WhiteElo "1848"]
[BlackElo "2004"]
[WhiteFideId "16220293"]
[BlackFideId "24606049"]
[EventDate "2019.07.13"]

1. e4 c5 2. Nf3 e6 3. d4 cxd4 4. Nxd4 Nc6 5. Nc3 Qc7 6. Be3 a6 7. Bd3 Nf6 8. O-O
Be7 9. h3 d6 10. f4 O-O 11. Nde2 b5 12. a3 Re8 13. Ng3 Bf8 14. Qf3 Bb7 15. Qf2
Rac8 16. Kh1 d5 17. e5 Nd7 18. Nce2 g6 19. c3 Na5 20. Nd4 Nc4 21. Bxc4 dxc4 22.
Rad1 Nc5 23. Nf3 Nd3 24. Qc2 Red8 25. Ne1 Nxe1 26. Rfxe1 Qc6 27. Bd4 Be7 28. Ne4
a5 29. Qf2 b4 30. axb4 axb4 31. Kh2 Ra8 32. Rd2 Ra2 33. cxb4 Bxb4 34. Nf6+ Kg7
35. Qh4 Rh8 36. Nh5+ gxh5 37. Qf6+ Kg8 38. Qg5+ Kf8 39. Bc5+ Bxc5 40. Rd8+ Qe8
41. Qh6+ Ke7 42. Qf6+ 1-0

[Event "47th Sparkassen Open"]
[Site "Dortmund GER"]
[Date "2019.07.21"]
[Round "9.33"]
[White "Groneberg, Joerg"]
[Black "Klueting, Reiner"]
[Result "0-1"]
[WhiteElo "1921"]
[BlackElo "1973"]
[WhiteFideId "12941638"]
[BlackFideId "4644760"]
[EventDate "2019.07.13"]

1. c4 e5 2. g3 Nf6 3. Bg2 c6 4. d4 e4 5. Nc3 d5 6. Bg5 Nbd7 7. Nh3 h6 8. Bf4 Bb4
9. cxd5 Bxc3+ 10. bxc3 cxd5 11. Bd6 Nb6 12. Be5 O-O 13. O-O Ng4 14. Bf4 Nc4 15.
Qc1 f5 16. f3 Nf6 17. Be5 Nd7 18. f4 Qa5 19. Nf2 Ndxe5 20. fxe5 Bd7 21. h4 Rac8
22. Qf4 Qxc3 23. Rfd1 Qe3 24. Qxe3 Nxe3 25. Rdc1 Nc2 26. Rab1 b6 27. Rb2 Ne3 28.
Re1 Rc4 29. Rd2 Nc2 30. Rc1 Rfc8 31. Nd1 Na3 32. Rxc4 Nxc4 33. Rc2 Ba4 34. Rc1
Bxd1 35. Rxd1 Ne3 36. Rd2 g6 37. Bh3 h5 38. Kf2 Rc3 39. Bg2 Kf7 40. Bh3 Ke6 41.
Bg2 Ng4+ 0-1

[Event "47th Sparkassen Open"]
[Site "Dortmund GER"]
[Date "2019.07.21"]
[Round "9.34"]
[White "Yin, Haode"]
[Black "Ball, Joerg"]
[Result "1/2-1/2"]
[WhiteElo "1652"]
[BlackElo "1961"]
[WhiteFideId "16261348"]
[BlackFideId "4685172"]
[EventDate "2019.07.13"]

1. d4 g6 2. Nf3 Bg7 3. g3 f5 4. Bg2 Nf6 5. O-O O-O 6. c4 e6 7. Nc3 d6 8. Re1 Ne4
9. Qb3 Nxc3 10. bxc3 a5 11. a4 h6 12. e4 fxe4 13. Rxe4 Nc6 14. Bb2 e5 15. Rd1
Qf6 16. c5+ Kh7 17. cxd6 exd4 18. cxd4 Bf5 19. Re2 Qxd6 20. Ba3 Nb4 21. Ne5 Rab8
22. Nc4 Qa6 23. Red2 Rfe8 24. Bxb4 axb4 25. Qxb4 Bf8 26. Qb5 Qf6 27. Ne5 c6 28.
Qb3 c5 29. Nf3 cxd4 30. Nxd4 Re7 31. Qf3 Rbe8 32. Rf1 Qg5 33. Re2 Rxe2 34. Nxe2
Qe7 35. Nf4 Be4 36. Qb3 Bxg2 37. Kxg2 Bg7 38. Qd3 Qe4+ 39. Qxe4 Rxe4 40. Rb1 g5
41. Nd3 Rxa4 42. Rxb7 Kg6 43. Rd7 Rc4 44. Rd5 Rd4 45. Ne5+ Bxe5 46. Rxe5 Rd2 47.
h3 Ra2 48. Kf3 Ra4 49. Re6+ Kg7 50. Rd6 Rb4 51. Ke3 Rb3+ 52. Rd3 Rb4 53. f4
gxf4+ 54. gxf4 Kf6 55. Kf3 Rb1 56. Rd6+ Kf5 57. Rd5+ Kf6 58. Rd2 Kf5 59. Rd5+ 1/2-1/2

[Event "47th Sparkassen Open"]
[Site "Dortmund GER"]
[Date "2019.07.21"]
[Round "9.35"]
[White "Toel, Karl-Ludwig"]
[Black "Barskij, Aleksandr"]
[Result "1/2-1/2"]
[WhiteElo "2068"]
[BlackElo "1941"]
[WhiteFideId "4685903"]
[BlackFideId "4697251"]
[EventDate "2019.07.13"]

1. d4 Nf6 2. c4 e6 3. Nc3 Bb4 4. g3 O-O 5. Bg2 d5 6. Nf3 dxc4 7. O-O Nc6 8. Qa4
Bd7 9. Qc2 Rb8 10. Be3 Ne7 11. Ne5 Ned5 12. Bg5 a6 13. Nxd5 exd5 14. Bxf6 gxf6
15. Nf3 Qe7 16. Nh4 c6 17. e4 Rfe8 18. exd5 Qe2 19. Qa4 Bf8 20. dxc6 Bxc6 21.
Bxc6 bxc6 22. Qxc6 Rxb2 23. Rac1 Rxa2 24. Rxc4 Re6 25. Qc8 Re8 26. Qc6 Re6 27.
Qc8 Re8 28. Qc6 Re6 1/2-1/2

[Event "47th Sparkassen Open"]
[Site "Dortmund GER"]
[Date "2019.07.21"]
[Round "9.36"]
[White "Kantor, Nikita"]
[Black "Ahlers, Knut"]
[Result "0-1"]
[WhiteElo "1906"]
[BlackElo "1854"]
[WhiteFideId "12990922"]
[BlackFideId "16203534"]
[EventDate "2019.07.13"]

1. e4 c5 2. Nf3 a6 3. c4 Nc6 4. d4 cxd4 5. Nxd4 e6 6. Nc3 Qc7 7. Be3 Nf6 8. Be2
Bb4 9. f3 d5 10. exd5 exd5 11. O-O dxc4 12. Bxc4 O-O 13. Rc1 Rd8 14. Nce2 Qe5
15. Qb3 Bc5 16. Bxf7+ Kh8 17. Rfd1 Bxd4 18. Nxd4 Nxd4 19. Bxd4 Rxd4 20. Rxd4
Qxd4+ 21. Kh1 b5 22. Rd1 Qb6 23. Qb4 Bb7 24. Qe7 Rc8 25. h3 Ng8 26. Qd7 Qc7 27.
Qe6 Rd8 28. Re1 Bd5 0-1

[Event "47th Sparkassen Open"]
[Site "Dortmund GER"]
[Date "2019.07.21"]
[Round "9.37"]
[White "De Smedt, Mark"]
[Black "Atali, Dogukan"]
[Result "1-0"]
[WhiteElo "1920"]
[BlackElo "1734"]
[WhiteFideId "244899"]
[BlackFideId "16208269"]
[EventDate "2019.07.13"]

1. e4 e6 2. d4 d5 3. e5 c5 4. c3 Nc6 5. Nf3 Qb6 6. a3 cxd4 7. cxd4 Nge7 8. Nc3
Nf5 9. Be3 Be7 10. b4 a6 11. Bd3 Nxe3 12. fxe3 f6 13. exf6 Bxf6 14. Qc2 g6 15.
O-O O-O 16. Bxg6 hxg6 17. Qxg6+ Bg7 18. Ng5 Rf5 19. Rxf5 1-0

[Event "47th Sparkassen Open"]
[Site "Dortmund GER"]
[Date "2019.07.21"]
[Round "9.38"]
[White "Delere, Adrian"]
[Black "Dippel, Olaf"]
[Result "1-0"]
[WhiteElo "1858"]
[BlackElo "1914"]
[WhiteFideId "12990400"]
[BlackFideId "4693159"]
[EventDate "2019.07.13"]

1. e4 e5 2. Nf3 Nf6 3. Nc3 Nc6 4. d4 exd4 5. Nxd4 Bb4 6. Nxc6 bxc6 7. Bd3 d6 8.
O-O O-O 9. Bg5 Bxc3 10. bxc3 h6 11. Bh4 a5 12. Qe2 Re8 13. f4 Bg4 14. Qf2 Qe7
15. Rae1 Be6 16. h3 Qf8 17. a3 Nh7 18. g4 g5 19. Bg3 d5 20. f5 dxe4 21. fxe6 1-0